000
00452nam a2200145Ia 4500
008
151213s9999 xx 000 0 und d
100
_a
মোঃ ওয়ালী উল্লাহ্
245
_a
আয়কর
_c
মোঃ ওয়ালী উল্লাহ্
260
_a
Dhaka
_b
Avwe`
300
_a
1395 p.
650
_a
Accounting
650
_a
Accounting
700
_a
মোঃ ওয়ালী উল্লাহ্
999
_c
1113
_d
1113